Escritos políticos: declaración de independencia, autobiografía, epistolario
Saved in:
| Hovedforfatter: | |
|---|---|
| Format: | Bog |
| Sprog: | spansk |
| Udgivet: |
Madrid
Tecnos
2014
|
| Udgivelse: | 1a. ed |
| Fag: | |
| Tags: |
Tilføj Tag
Ingen Tags, Vær først til at tagge denne postø!
|
MARC
| LEADER | 00000cam a2200000 a 4500 | ||
|---|---|---|---|
| 001 | UCE2464 | ||
| 003 | CL-VaPUC | ||
| 005 | 20240821123532.0 | ||
| 008 | 140703e20140000sp |||||||||||||||||spa|d | ||
| 999 | |c 356064 |d 356062 | ||
| 020 | |a 9788430959211 | ||
| 040 | |c Pontificia Universidad Católica de Valparaíso | ||
| 082 | 0 | 4 | |a 320.01 |b JEF |2 21 |
| 100 | |a Jefferson, Thomas |e author |9 858245 | ||
| 245 | 1 | 0 | |a Escritos políticos: declaración de independencia, autobiografía, epistolario |
| 250 | |a 1a. ed | ||
| 260 | |a Madrid |b Tecnos |c 2014 | ||
| 300 | |a 616 p | ||
| 583 | |a last modification |c 20140703 14:09:00 |k Rodrigo Vera | ||
| 650 | 0 | |a Escritos políticos |9 255204 | |
| 650 | 0 | |a Discursos |9 265028 | |
| 650 | 0 | |a Correspondencia |9 258963 | |
| 650 | 0 | |a Autobiografías |9 265171 | |
| 852 | |a BIBCUR | ||
| 942 | |c BK |2 ddc | ||
| 945 | |d 20140703 14:09:00 |a dcastane | ||
| 952 | |0 0 |1 0 |3 erb |4 0 |6 320_010000000000000_JEF_2014 |7 0 |8 A |9 463141 |a BIBDER |b BIBDER |i 5088038 |o 320.01 JEF 2014 |p 5088038 |r 2023-01-25 |w 2019-11-23 |y BK |z Catalogado en:20140703 |k DER | ||